Diaspora-Mexico - Statistics

General Stats
  • This quiz has been taken 344 times
  • The average score is 10 of 13
Answer Stats
Number of immigrants Continent Country % Correct
36.000.000 North America United States of America
100%
69.695 North America Canada
98%
47.917 Europe Spain
98%
12.982 Europe France
92%
12.286 South America Colombia
91%
11.000 Europe United Kingdom
91%
7.239 South America Argentina
90%
14.156 Europe Germany
88%
14.481 North America Guatemala
88%
5.500-7.500 North America Costa Rica
56%
9.377 South America Bolivia
55%
5.254 Europe the Netherlands
50%
6.460 Europe Switzerland
36%
No matching quizzes found
Score Distribution
Percent of People with Each Score
Percentile by Number Answered
Your Score History
You have not taken this quiz